000 00308nam a22001217a 4500
008 180601b xxu||||| |||| 00| 0 eng d
041 _aeng
080 _a043.3
100 _a0
101 _aMEK-BTH
245 _aGjenerimi i vargjeve të rastit me shperndarje te njëtrajtshme
_cSekiraqa,B
942 _2udc
_cBK
999 _c46242
_d46242